00816cam a2200229Ia 4500020001500000040000800015041000800023082002600031100001500057245001900072300004600091490002900137500010600166650001200272650001200284650001200296650002100308710007900329942001000408999001700418952015100435 a0333538501 cVXG1 hfre aCTA FOO 1992 C077 Or.1 aBorget, M.10aFood legumes / aviii, 103 pages :billustrations ;c22 cm1 aTropical agriculturalist a"Original French edition published in 1989 under the title Les legumineuses vivriЎres"--T.p. verso 0aLegumes 0aLegumes 0aLegumes 0aLegumes as food.2 aTechnical Centre for Agricultural and Rural Cooperation (Ede, Netherlands) cAEDBB c21383d21383 0010406CTA_FOO_1992_000000000000000_C077_OR70993340aLBCbLBCcC077d2023-05-26oCTA FOO 1992 C077 Or.pa071583r2023-05-26w2023-05-26yAEDBB